000 00901nam a22002897a 4500
003 CHAP
005 20220329133827.0
008 971013s1988 r 00010 d
010 _a11460
011 _a12432
035 _a15618
040 _cCHAP
082 _a634.956
_bN55
100 0 0 _aNiembro Rocas, Aníbal.
_981243
245 _aSemillas de árboles y arbustos
_b: Ontogenia y estructura
260 _aMéxico :
_bTrillas,
_c1988
300 _a285 p.
_b: ilus.
590 _aBATCH-UPD
_b10
_c20130110
_lUCH01
_h1806
590 _aBATCH-UPD
_b10
_c20130410
_lUCH01
_h1141
590 _aBATCH-UPD
_b10
_c20130914
_lUCH01
_h1839
590 _aCONVERSION
_b10
_c20130109
_lUCH01
_h1308
650 1 4 _aArbustos
_xSemilla.
_96744
650 1 4 _aSemillas forestales.
_9103935
901 _aBK
942 _cLIBRO
949 _a634.956 N55
_bBC
_cLIBRO
_d33724000267688
_eLIBRO
_gI.143025
_h74080
_i15618
_si
_t16.63
999 _c11460
_d11460